Welcome to CU Library Online Public Access Catalogue (OPAC)

Synopsis of the four gospels : (Record no. 6986)

MARC details
000 -LEADER
fixed length control field 00927cam a2200217 i 4500
001 - CONTROL NUMBER
control field 2240137
005 - DATE AND TIME OF LATEST TRANSACTION
control field 20250716082852.0
008 - FIXED-LENGTH DATA ELEMENTS--GENERAL INFORMATION
fixed length control field 761124s1976 gw 000 0 eng
020 ## - INTERNATIONAL STANDARD BOOK NUMBER
International Standard Book Number 3438054051 (United Bible Societies) :
Terms of availability DM44.00
020 ## - INTERNATIONAL STANDARD BOOK NUMBER
International Standard Book Number 9783438054050
041 0# - LANGUAGE CODE
Language code of text/sound track or separate title eng
-- grc
050 00 - LIBRARY OF CONGRESS CALL NUMBER
Classification number BS2560.A2
Item number A35 SYN
082 00 - DEWEY DECIMAL CLASSIFICATION NUMBER
Classification number 226/.1
245 10 - TITLE STATEMENT
Title Synopsis of the four gospels :
Remainder of title Greek-Engl. ed. of the synopsis quattuor evangeliorum ; completely rev. on the basis of the Greek text of Nestle-Aland 27th ed. and Greek New Testament 3rd ed. ; the Engl. text is the 14. ed of the rev. standard version United Bible Societies /
Statement of responsibility, etc. ed. by Kurt Aland.
260 ## - PUBLICATION, DISTRIBUTION, ETC.
Place of publication, distribution, etc. Stuttgart :
Name of publisher, distributor, etc. Württembergische Bibelanstalt,
Date of publication, distribution, etc. 2009.
300 ## - PHYSICAL DESCRIPTION
Extent xxx, 361 p. ;
Dimensions 28 cm.
500 ## - GENERAL NOTE
General note On t.p.: United Bible Societies.
500 ## - GENERAL NOTE
General note Opposite pages numbered in duplicate up to p. 338.
700 1# - ADDED ENTRY--PERSONAL NAME
Personal name Aland, Kurt,
Relator term ed.
942 ## - ADDED ENTRY ELEMENTS (KOHA)
Source of classification or shelving scheme Library of Congress Classification
Koha item type Books
Suppress in OPAC No
999 ## -
-- 6986
-- 6986
Holdings
Withdrawn status Lost status Source of classification or shelving scheme Damaged status Not for loan Collection Home library Current library Shelving location Date acquired Total checkouts Full call number Barcode Date last seen Price effective from Koha item type
    Library of Congress Classification     Non-fiction Undergraduate Library (Christ Temple) Undergraduate Library (Christ Temple) General stacks 07/16/2025   BS2560.A2A35 SYN ulct00003875 07/16/2025 07/16/2025 Books
    Library of Congress Classification     Non-fiction Undergraduate Library (Christ Temple) Undergraduate Library (Christ Temple) General stacks 07/16/2025   BS2560.A2A35 SYN ulct00003876 07/16/2025 07/16/2025 Books
© 2023-2024 Copyright: Central University Libraries. All Rights Reserved | Created by: Mahone Tech Office